Złota Piłka 2005 - Top 10 - Statystyki

Ogólne statystyki
  • Ten quiz został rozwiązany 327 razy
  • Średni wynik to 8 z 10
Statystyki odpowiedzi
Lp. Klub Kraj Zawodnik % Poprawnych
1 Barcelona Brazylia Ronaldinho
99%
4 Arsenal Francja Thierry Henry
94%
5 Milan Ukraina Andrij Szewczenko
91%
10 Barcelona Kamerun Samuel Eto'o
89%
8 Juventus Szwecja Zlatan Ibrahimovic
87%
3 Liverpool Anglia Steven Gerrard
86%
2 Chelsea Anglia Frank Lampard
84%
9 Milan Brazylia Kaka
82%
6 Milan Włochy Paolo Maldini
77%
7 Inter Brazylia Adriano
50%
Nie znaleziono quizów pasujących do podanych kryteriów
Rozkład punktacji
Procent ludzi z każdym wynikiem
Percentyl według liczby udzielonych odpowiedzi
Twoja historia wyników
Nie rozwiązałeś tego quizu